00467nam a2200169Ia 4500999001700000003000400017005001700021008004100038040000900079082001800088100002900106245005500135260003800190300000900228650001800237942004200255 c12491d12491OSt20201015130235.0190216s9999||||xx |||||||||||||| ||und|| coclc a822.33bBRO/T aBrooke, Stopford A95148 0aTen More Plays Of Shakespeare /cStopford A Brooke bLyall Book Depot,c1969.aLondon: a313p aEnglish Drama cBK2ddch822.33iBRO/Tk822.33mBRO/T